Research and source guide for students in speech pathology and audiology /

Bibliographic Details
Main Author: Holloway, Gordon F.
Other Authors: Webster, L. Michael (Lawrence Michael), 1937-
Format: Book
Language:English
Published: St. Louis : W. H. Green, [1978]
Subjects:

MARC

Tag First Indicator Second Indicator Subfields
LEADER 00000cam a2200000 i 4500
001 in00000065723
005 20151008050731.0
008 780509s1978 mou b 00010 eng
010 |a  73000571  
020 |a 0875271545 
035 |a (OCoLC)03934727 
035 |9 AAG2970AM 
040 |a DLC  |c DLC  |d VRC  |d OCL  |d MQM  |d TXA  |d UtOrBLW 
049 |a TXAM [Also in] [Med Sci] [WZ] [345] [H745r] [1978]  |c 1 [1556345] 
050 0 0 |a RC423  |b .H64 
082 0 |a 616.8/55/0072 
096 |a WZ 345 H745r 1978 
100 1 |a Holloway, Gordon F. 
245 1 0 |a Research and source guide for students in speech pathology and audiology /  |c by Gordon F. Holloway and L. Michael Webster. 
264 1 |a St. Louis :  |b W. H. Green,  |c [1978] 
264 4 |c ©1978 
300 |a xii, 122 pages ;  |c 23 cm. 
336 |a text  |b txt  |2 rdacontent 
337 |a unmediated  |b n  |2 rdamedia 
338 |a volume  |b nc  |2 rdacarrier 
504 |a Includes bibliographies. 
650 0 |a Speech therapy  |x Research. 
650 0 |a Audiology  |x Research. 
650 0 |a Medical writing. 
650 2 |a Audiology. 
650 2 |a Research  |x handbooks. 
650 2 |a Speech Disorders. 
650 2 |a Writing  |x handbooks. 
700 1 |a Webster, L. Michael  |q (Lawrence Michael),  |d 1937- 
999 |a MARS 
999 f f |s 05f8cd96-037d-3be2-829d-a2c88a289c05  |i 016f48f4-a440-3f6d-bf62-44c945c1b62c  |t 0 
952 f f |p ric  |a Texas A&M University  |b Rellis Campus  |c Joint Library Facility  |d Remote Storage  |t 0  |e RC423 .H64  |h Library of Congress classification  |i unmediated -- volume  |m A14805099873 
998 f f |a RC423 .H64  |t 0  |l Remote Storage